000 00508nam a2200181Ia 4500
005 20250326123613.0
008 250326s9999 xx 000 0 und d
037 _aTextbook
040 _aFMSL
_beng
_cFMSL
041 _aeng
_2eng
084 _aB2893 K3;1
_qFMSL
100 _aAckoff R L
_9735411
245 0 _aManager's guide to operations research
_cAckoff R L; Rivett P
260 _aNY
_bNY, John Wiley
_c1963
300 _a197p
942 _cTB
_hB2893 K3;1
999 _c1270115
_d1270115